000 01429nam a2200373 i 4500
001 768714001
003 CO-MdFUSB
005 20260328125842.0
007 ta
008 241104t2009 ck ||||| |||| 001 0 spa d
020 _a0-931221-62-5
040 _bspa.
_aCO-MdFUSB
_cCO-MdFUSB
_dCO-MdFUSBC
_erda
041 _aspa
082 _223
_a225.6
_bC653
100 _aCobb, A. B.
_eautor
245 3 _aEl gentil, el judío y Cristo
_c/ Buddy Cobb ; traducido por Nicolás Rincón
264 1 _aColombia :
_bRansom Press,
_c[2009]
264 4 _c©2009
300 _a255 páginas
_c; 21 cm
336 _2rdacontent
_atexto
_btxt
337 _2rdamedia
_asin mediación
_bn
338 _2rdacarrier
_avolumen
_bnc
500 _aIncluye índice
505 _aEl Gentil, el Judío y Cristo. -- Tres mundos. -- La simiente prometida. -- Abraham. -- El pacto de la Ley. -- La venida de Cristo. -- El Nuevo Pacto. -- Las tres fiestas. -- El Templo de Dios. -- Parábolas de esta Edad de la Iglesia. -- La primera resurrección. -- El Armagedón. -- La boda final.
563 _aRústico
630 0 7 _aBiblia.
_pAntiguo Testamento
650 7 _aHermenéutica bíblica
_2embne
_97333
653 _aTeología del Nuevo Testamento
653 _aGentiles en el Nuevo Testamento
653 _aJudíos en el Nuevo Testamento
700 _aRincón, Nicolás,
_911034
_etraductor
942 _cBK
945 _aCatherine Arias Alvarez
999 _c71151
_d71151